Giáo trình phương pháp và phương pháp luận nghiên cứu khoa học kinh tế

Na minha lista:
Detalhes bibliográficos
Autor principal: Nguyễn, Thị Cành
Formato: Livro
Idioma:Undetermined
Publicado em: Thành phố Hồ Chí Minh Đại học Quốc gia 2004
Assuntos:
Tags: Adicionar Tag
Sem tags, seja o primeiro a adicionar uma tag!
Thư viện lưu trữ: Trung tâm Học liệu Trường Đại học Cần Thơ
LEADER 00689nam a2200217Ia 4500
001 CTU_74715
008 210402s9999 xx 000 0 und d
020 |b 18000 
082 |a 330.1 
082 |b C107 
100 |a Nguyễn, Thị Cành 
245 0 |a Giáo trình phương pháp và phương pháp luận nghiên cứu khoa học kinh tế 
245 0 |c Nguyễn Thị Cành 
260 |a Thành phố Hồ Chí Minh 
260 |b Đại học Quốc gia 
260 |c 2004 
526 |a Luận văn tốt nghiệp 
526 |b KTH900 
650 |a Economics 
904 |i Tuyến 
980 |a Trung tâm Học liệu Trường Đại học Cần Thơ